000 00790cab a2200205 4500
001 ABS40304
008 090401t1989 xxu||||| |||| 00| 0 eng d
035 _a(Sirsi) u22961
041 _aeng
100 _aLewis, P.
245 _aRetailing: importing the American style
260 _c1989
350 _a0
490 _aEstates Gazette
_v(8901) 7 January 1989, 20-21(2)
520 _aAlthough planners and developers in America have more freedom when planning new retail centres, many of their ideas could be adapted by developers and used in the UK. This article discusses the value of turnover rents , food courts , multi-level shopping and the leisure / retail mix.
650 _aSHOPPING CENTRES
690 _aPROPERTY-COMMERCIAL PROPERTY
942 _n0
948 _c04/03/1997
999 _c15394
_d15394